000 00900nam a2200301Ia 4500
001 38955
003 IT-RoPAU
008 130308s9999 xx 000 0 und d
040 _aIT-RoPAU
040 _cIT-RoPAU
041 _aFRANCESE
100 _aDurand Pascal
100 _gCodice Aut. SPICS: 17703
245 _aD'une rupture integrante: avant-garde et transactions symboliques
245 _bParalitteratures (Les)-Pratiques N. 50
250 _a1a ed.
260 _aMETZ
260 _bPratiques
260 _c1986 [1° Ed.:1986 - Ed.Ling.Originale:1986]
300 _a"15 p. (prefazione: no ; testo: 15 [pagine: 31-45])"
500 _aAvanguardia e Transazioni Simboliche in Letteratura integrazione dell'Interruzione
650 _aEDUCAZIONE ALLA COMUNICAZIONE SOCIALE
650 _eCodice materia Spics: 3812
942 _cBK
957 _71
999 _c45746
_d45746
999 _bSI
999 _g1